000 01241nam a2200373 c 4500
001 2094
003 ES-MaCES
005 20141221121559.0
008 941024s1991 sp ||| | spa d
017 _aBI-2241-91
_bDL
020 _a8425908876
024 7 _a005-91-028-7
_2nipo
035 _aCES19980021092m
040 _aES-MaCES
_bspa
_cES-MaCES
100 1 _aCorcuera Atienza, Javier
_99953
245 1 0 _aPolítica y derecho
_b: la construcción de la autonomía vasca
_cJavier Corcuera Atienza
260 _aMadrid
_bCentro de Estudios Constitucionales
_c1991
300 _a350 p.
_c21 cm
490 1 _aEstudios políticos
_v38
500 _aÍndice
504 _aBibliografía: p. 329-344
541 _cGratuito
650 4 _adesarrollo político
_929225
650 4 _aderecho constitucional
_927158
650 4 _aComunidades Autónomas
_930768
650 4 _aPaís Vasco
_930799
650 4 _ahistoria
_927251
653 1 0 _aCiencias Sociales-Políticas
710 2 _aCentro de Estudios Constitucionales (España)
_eed.
_91859
830 0 _aEstudios políticos (Centro de Estudios Constitucionales (Madrid))
_v38
_932422
902 _aLIB Libro
942 _2CES
_cBK
_h7.0.
999 _c2094
_d2094